| 000 | 00683cam a22002053a 4500 | ||
|---|---|---|---|
| 001 | 35659 | ||
| 003 | PGUSA | ||
| 005 | 20140828083752.0 | ||
| 008 | 110322s2011||||xxu|||||s|||||000 | eng d | ||
| 040 |
_aPGUSA _beng |
||
| 042 | _adc | ||
| 100 | 1 |
_aMackenzie, Alexander, _d1764-1820 |
|
| 245 | 1 | 0 |
_aVoyages from Montreal Through the Continent of North America to the Frozen and Pacific Oceans in 1789 and 1793 : _bVol. II _h[electronic resource] / _cAlexander Mackenzie |
| 260 |
_bProject Gutenberg, _c2011 |
||
| 506 | _aPublic domain in the USA. | ||
| 516 | _aElectronic text | ||
| 830 | 0 |
_aProject Gutenberg _v35659 |
|
| 856 | 4 | 0 | _uhttp://www.gutenberg.org/ebooks/35659 |
| 942 | _cEB | ||
| 999 |
_c264914 _d264914 |
||